| 000 | 00709nam a22001937a 4500 | ||
|---|---|---|---|
| 999 |
_c165680 _d165680 |
||
| 005 | 20190626151236.0 | ||
| 010 | _aUR-10250 | ||
| 020 |
_c400.00 _a9789387539037 |
||
| 035 | _aU-8805 | ||
| 037 | _bDBAD/PUB | ||
| 082 | _a650.114 | ||
| 100 | _aصد يقی نثا ر ا حمد | ||
| 245 |
_aا نعکا س (ا د بی ا نٹر و يو ز ) _cصد يقی نثا ر ا حمد |
||
| 246 |
_bInikas ( Adabi Interview) (Urdu) _aby Nisar Ahmed Siddiqui |
||
| 260 |
_a Delhi _bEducational Publishing House _c2017 ء |
||
| 270 |
_a3191،Vakil Street,Kucha Pandit,Lal Kuan, _bDelhi _e110006 _k23216162 _l00911123211540 |
||
| 300 |
_a320ص _c22 Cm(Hb) |
||
| 942 |
_2ddc _cUR _h650.114 _mص د ی |
||